| 000 | 00786cam a22002535a 4500 | ||
|---|---|---|---|
| 001 | 17893052 | ||
| 005 | 20201128024131.0 | ||
| 008 | 170213t2014 enka frbd 001 0 eng d | ||
| 020 | _a9781292000749 | ||
| 040 |
_aDLC _beng _cDLC _dEG-ScBUE |
||
| 082 | 0 | 4 |
_222 _a150.15195 _bHOW |
| 100 | 1 |
_aHowitt, Dennis. _9714 |
|
| 245 | 1 | 0 |
_aIntroduction to statistics in psychology / _cDennis Howitt, Duncan Cramer. |
| 250 | _a6th ed. | ||
| 260 |
_aHarlow : _bPearson Education Limited, _cc.2014. |
||
| 300 |
_axxviii, 712 p. : _bill. ; _c24 cm. |
||
| 500 | _aGlossary : p. 685-692. | ||
| 500 | _aIndex : p. 699-712. | ||
| 504 | _aBibliography : p. 693-698. | ||
| 650 | 7 |
_aPsychometrics. _2BUEsh _94480 |
|
| 653 |
_bGGEN _cFebruary2017 |
||
| 700 | 1 |
_aCramer, Duncan, _d1948- _9716 |
|
| 942 | _2ddc | ||
| 999 |
_c24133 _d24105 |
||